000 00312nam a22001337a 4500
008 181219b xxu||||| |||| 00| 0 eng d
020 _a9780939765737
041 _aeng
080 _a510
100 _a36
101 _aMAT
245 _aConcepts in Algebra A Technological Approach
_cFey,J.T
942 _2udc
_cBK
999 _c53519
_d53519